000 00735cab a22002055a 4500
001 L159835
008 150113e2017 xxk 000 0 eng d
035 _a(Sirsi) u159835
041 0 _aeng
100 1 _aKing, Vivien
245 0 4 _aThe surveyor's apprentice
_h[electronic resource]
260 _aLondon
_bRICS
_c2017
490 _aRICS Building Surveying Journal
_vOctober - November 2017, 9(1)
520 _aTraces the history of apprenticeships and shares a case study from Malcolm Hollis.
650 2 4 _aAPPRENTICESHIPS
650 2 4 _aABOUT RICS
651 4 _aUnited Kingdom
_y
856 4 0 _uhttps://issuu.com/ricsmodus/docs/building_surveying_journal_october__45ef6cafff2b21
_yAvailable free online via Issuu
942 _n0
_2ddc
999 _c85001
_d85001